000 00517nam a2200181Ia 4500
999 _c30062
_d30062
003 OSt
005 20201110131958.0
008 190216s9999||||xx |||||||||||||| ||und||
020 _a9789382581192
040 _coclc
082 _a297
_bTHA/N
100 _aThanveer, Musthafa
_96401
245 0 _aNabinindha Charitram Prathyayashasthram /
_c Musthafa Thanveer
260 _bDa`Wa Books,
_c2012.
_aKochi:
300 _a132p
650 _aMalayalam
942 _cBK
_2ddc
_h297
_iTHA/N
_k297
_mTHA/N